Digitization in dentistry (Registro nro. 10879)

000 -CABECERA
Campo de control de longitud fija 02319nam a22004457a 4500
003 - IDENTIFICADOR DEL NÚMERO DE CONTROL
Campo de control OSt
005 - FECHA Y HORA DE LA ÚLTIMA TRANSACCIÓN
Campo de control 20260424104341.0
008 - CÓDIGOS DE INFORMACIÓN DE LONGITUD FIJA
Campo de control de longitud fija 260424t2021 xxu||||| |||| 00| 0 eng d
020 ## - NÚMERO INTERNACIONAL NORMALIZADO PARA LIBROS (ISBN)
Número Internacional Normalizado para Libros (ISBN) 9783030651695
020 ## - NÚMERO INTERNACIONAL NORMALIZADO PARA LIBROS (ISBN)
Número Internacional Normalizado para Libros (ISBN) 9783030651688
040 ## - FUENTE DE LA CATALOGACIÓN
Centro catalogador de origen Unicoc
Lengua de catalogación spa
Centro que cataloga Bogotá (Dr. David Ordóñez Rueda) - Campus Norte
Centro modificador Bogotá (Dr. David Ordóñez Rueda) - Campus Norte
082 ## - NÚMERO DE LA CLASIFICACIÓN DECIMAL DEWEY
Número de clasificación 617.60285
100 ## - PUNTO DE ACCESO PRINCIPAL - NOMBRE DE PERSONA
9 (RLIN) 13043
Nombre de persona Jain, Priyanka
245 ## - MENCIÓN DE TÍTULO
Título Digitization in dentistry
Subtitulo o Resto del título : Clinical applications
Mención de responsabilidad etc. / Priyanka Jain, Mansi Gupta
250 ## - MENCIÓN DE EDICIÓN
Mención de edición 1 Ed.
260 ## - PUBLICATION, DISTRIBUTION, ETC. (IMPRINT)
Lugar de publicación distribución etc. Suiza :
Nombre del editor distribuidor etc. Springer ,
Fecha de publicación distribución etc. 2021.
300 ## - DESCRIPCIÓN FÍSICA
Extensión 424 páginas
Otras características físicas Ilustraciones, diagramas, tablas, gráficas
500 ## - NOTA GENERAL
Nota general Incluye referencias bibliográficas
505 ## - NOTA DE CONTENIDO CON FORMATO
Título 1. Artificial intelligence and big data in dentistry. --
-- 2. Digital diagnosis and treatment planning. --
-- 3. Digital oral radiography. --
-- 4. Digitalization in endodontics. --
-- 5. Digitization and Dental Lasers. --
-- 6. Digital impressions. --
-- 7. Digital orthodontics. --
-- 8. Digital occlusal analysis and force finishing. --
-- 9. Digitization in management of temporomandibular disorders. --
-- 11. Digitization in operative dentistry. --
-- 12. Dental implants and digitization. --
-- 13. Digital smile design. --
-- 14. Virtual reality in dentistry.
526 ## - NOTA DE INFORMACIÓN SOBRE EL PROGRAMA DE ESTUDIO
Institución que aplica el campo Unicoc
546 ## - NOTA DE LENGUA
Nota de lengua Inglés
650 #0 - PUNTO DE ACCESO ADICIONAL DE MATERIA - TÉRMINO DE MATERIA
9 (RLIN) 11097
Término de materia o nombre geográfico como elemento inicial Odontología digital
650 #0 - PUNTO DE ACCESO ADICIONAL DE MATERIA - TÉRMINO DE MATERIA
9 (RLIN) 253
Término de materia o nombre geográfico como elemento inicial Odontología
Subdivisión de materia general Sistemas tecnológicos
650 #0 - PUNTO DE ACCESO ADICIONAL DE MATERIA - TÉRMINO DE MATERIA
9 (RLIN) 10540
Término de materia o nombre geográfico como elemento inicial Inteligencia artificial
Subdivisión de forma Aplicaciones médicas
650 #0 - PUNTO DE ACCESO ADICIONAL DE MATERIA - TÉRMINO DE MATERIA
9 (RLIN) 12998
Término de materia o nombre geográfico como elemento inicial Endodoncia digital
650 #0 - PUNTO DE ACCESO ADICIONAL DE MATERIA - TÉRMINO DE MATERIA
9 (RLIN) 12509
Término de materia o nombre geográfico como elemento inicial Ortodoncia digital
650 #0 - PUNTO DE ACCESO ADICIONAL DE MATERIA - TÉRMINO DE MATERIA
9 (RLIN) 13000
Término de materia o nombre geográfico como elemento inicial Prostodoncia digital
650 #0 - PUNTO DE ACCESO ADICIONAL DE MATERIA - TÉRMINO DE MATERIA
9 (RLIN) 12964
Término de materia o nombre geográfico como elemento inicial Implantología dental digital
650 #0 - PUNTO DE ACCESO ADICIONAL DE MATERIA - TÉRMINO DE MATERIA
9 (RLIN) 13031
Término de materia o nombre geográfico como elemento inicial Fotografía dental digital
650 #0 - PUNTO DE ACCESO ADICIONAL DE MATERIA - TÉRMINO DE MATERIA
9 (RLIN) 6097
Término de materia o nombre geográfico como elemento inicial Diagnóstico clínico
Subdivisión de forma Métodos computacionales
658 #0 - TÉRMINO DE INDIZACIÓN - OBJETIVO CURRICULAR
9 (RLIN) 8071
Programa Académico Especialización en Endodoncia
658 #0 - TÉRMINO DE INDIZACIÓN - OBJETIVO CURRICULAR
9 (RLIN) 8315
Programa Académico Programa de Odontología
658 #0 - TÉRMINO DE INDIZACIÓN - OBJETIVO CURRICULAR
9 (RLIN) 8072
Programa Académico Especialización en Periodoncia
658 #0 - TÉRMINO DE INDIZACIÓN - OBJETIVO CURRICULAR
9 (RLIN) 11722
Programa Académico Especialización en Ortodoncia y Ortopedia Maxilar
658 #0 - TÉRMINO DE INDIZACIÓN - OBJETIVO CURRICULAR
9 (RLIN) 8074
Programa Académico Especialización en Rehabilitación Oral
658 #0 - TÉRMINO DE INDIZACIÓN - OBJETIVO CURRICULAR
9 (RLIN) 8073
Programa Académico Especialización en Prostodoncia
700 ## - PUNTO DE ACCESO ADICIONAL - NOMBRE DE PERSONA
9 (RLIN) 13044
Nombre de persona Gupta, Mansi
856 ## - LOCALIZACIÓN Y ACCESO ELECTRÓNICOS
Texto del enlace Acceso online exclusivo para comunidad Unicoc.
Identificador Uniforme del Recurso (URI) https://unicoceduco-my.sharepoint.com/:b:/g/personal/direccionbiblioteca_unicoc_edu_co/IQAS5mHQ4z84RaLJjz-4d0F8AYlBFh9uAZm35uQC7G8L3dg
942 ## - ENTRADA PARA ELEMENTOS AGREGADOS (KOHA)
Fuente de clasificación o esquema de ordenación en estanterías
Koha [por defecto] tipo de item Libro electrónico
Existencias
Fuente de adquisición Fecha del precio de reemplazo No para préstamo Localización permanente Estado de pérdida Código de colección Precio Tipo de item de Koha Estropeado Localización actual Código de barras Fecha última consulta Signatura completa Fecha de adquisición Fuente de clasificación o esquema de ordenación en estanterías
Compra2026-04-24 Bogotá (Dr. David Ordóñez Rueda) - Campus Norte Coleccion Online200000.00Libro electrónico Bogotá (Dr. David Ordóñez Rueda) - Campus NorteEbook108792026-04-24617.602852026-04-24 

© 2014 UNICOC | Institución Universitaria Colegios de Colombia - UNICOC
Bogotá D.C. Autopista Norte Km. 20. Teléfono:(571)6683535
Cali: Calle 13 Norte No. 3N-13. Teléfono: (572)6608887

Con tecnología de Koha